000 00682nam a2200253Ia 4500
003 OSt
005 20220925223306.0
006 a|||||r|||| 00| 0
007 ta
008 220923b |||||||| |||| 00| 0 eng d
020 _a0415038022
037 _cGeneral Book
040 _aRTL
_cRTL
_beng
041 _2eng
_aeng
082 _aY15-49.73.N9, N2
100 _aRees Teresa
_9289364
245 0 _aWomen and the labour market
260 _aLondon
_bRoutledge
_c1992
300 _axiv,223p
_ccm.
500 _aBibliography: p 191-212
650 _aWorking Women
942 _hY15-49.73.N9, N2
_cGB
_2CC
999 _c579150
_d579150